000
00385nam a2200133Ia 4500
008
151001s9999||||xx |||||||||||||| ||und||
100
_a
कुमुदिनी रांगणेकर
245
_a
नाजूक ठेव
250
_a
1
260
_b
राजेंद्र प्रकाशन ठाणे
260
_c
1983
300
_a
211
365
_b
18
999
_c
963722
_d
963719